<The> Foreign trade problems: improvement of the stance of the Slovak economy using the model
Guardado en:
| Autor principal: | |
|---|---|
| Otros Autores: | |
| Formato: | Capítulo de libro |
| Lenguaje: | inglés |
| Materias: | |
| Etiquetas: |
Sin Etiquetas, Sea el primero en etiquetar este registro!
|
MARC
| LEADER | 00000naa$a2200000$$$4500 | ||
|---|---|---|---|
| 001 | 0072411 | ||
| 005 | 20240502083208.0 | ||
| 041 | 0 | |a eng | |
| 044 | |a CZ | ||
| 245 | 1 | 0 | |a <The> Foreign trade problems: improvement of the stance of the Slovak economy using the model |c Jaroslav Husár, Karol Szomolányi |
| 610 | 2 | 0 | |a obchod zahraničný |
| 610 | 2 | 0 | |a hospodárstvo národné |
| 610 | 2 | 0 | |a Slovensko |
| 610 | 2 | 0 | |a bilancia platobná |
| 610 | 2 | 0 | |a modely ekonometrické |
| 100 | 1 | |a Husár, Jaroslav | |
| 700 | 1 | |a Szomolányi, Karol, 1976- | |